[Event "RUS-Cup9"]
[Site "Novgorod"]
[Date "1997.06.15"]
[Round "4"]
[White "Vyzmanavin, Alexey"]
[Black "Asrian, Karen"]
[Result "1/2-1/2"]
[WhiteElo "2585"]
[BlackElo "2440"]
[PlyCount "126"]
[EventDate "1997.06.11"]
[EventType "swiss"]
[EventRounds "9"]
[EventCountry "RUS"]
[SourceTitle "CBM 060"]
[Source "ChessBase"]
[SourceDate "1997.09.29"]
[SourceVersion "1"]
[SourceVersionDate "1997.09.29"]
[SourceQuality "1"]

1. d4 d5 2. c4 e6 3. Nc3 Nf6 4. Bg5 Be7 5. e3 h6 6. Bh4 0-0 7. Nf3 b6 8. Bd3 Bb7 9. 0-0 Nbd7 10. Bg3 c5 11. Qe2 Ne4 12. cxd5 exd5 13. Rac1 cxd4 14. Nxd4 Nxg3 15. hxg3 Bf6 16. Bb1 Bxd4 17. Qd3 Nf6 18. Qxd4 Qe7 19. a3 Rac8 20. Rfd1 Rfd8 21. Ba2 Kh8 22. Bb3 Qc5 23. Rc2 Qxd4 24. Rxd4 Re8 25. Rcd2 Re5 26. Nb5 Ne4 27. Rd1 a6 28. Rxe4 Rxe4 29. Nd6 Rc7 30. Nxe4 dxe4 31. a4 Kh7 32. Rd6 b5 33. axb5 axb5 34. Rb6 Bc6 35. Bxf7 Rxf7 36. Rxc6 Rd7 37. Rc2 Rd1+ 38. Kh2 b4 39. g4 b3 40. Rc4 Rd2 41. Kg3 Rxb2 42. Rxe4 Rb1 43. Rb4 g5 44. Kf3 Rb2 45. Rb7+ Kg6 46. Rb6+ Kh7 47. Kg3 Rb1 48. Kf3 Rb2 49. g3 Kg7 50. Kg2 Rb1 51. Kh3 Rh1+ 52. Kg2 Rb1 53. Rd6 Rc1 54. Rd2 Rb1 55. Kf3 Kf6 56. Ke4 Ke6 57. Rd3 b2 58. Rb3 Ke7 59. f4 gxf4 60. gxf4 Kd6 61. Kf5 Kd5 62. Rc3 Rd1 63. e4+ Kd4 1/2-1/2

[Event "RUS-ch m1-2"]
[Site "Elista"]
[Date "1997.05.20"]
[Round "1.2"]
[White "Filippov, Valerij"]
[Black "Vyzmanavin, Alexey"]
[Result "1/2-1/2"]
[WhiteElo "2510"]
[BlackElo "2585"]
[PlyCount "43"]
[EventDate "1997.05.19"]
[EventType "k.o."]
[EventRounds "6"]
[EventCountry "RUS"]
[SourceTitle "CBM 059"]
[Source "ChessBase"]
[SourceDate "1997.08.01"]
[SourceVersion "1"]
[SourceVersionDate "1997.08.01"]
[SourceQuality "1"]

1. Nf3 f5 2. c4 Nf6 3. g3 g6 4. Bg2 Bg7 5. 0-0 0-0 6. Nc3 d6 7. d4 Qe8 8. Re1 Qf7 9. b3 Ne4 10. Bb2 Nc6 11. Rc1 h6 12. d5 Nb4 13. Nd4 c5 14. dxc6 Nxc6 15. e3 Bd7 16. Nxe4 fxe4 17. Rf1 Bf5 18. g4 Bd7 19. Bxe4 Kh7 20. h3 Nxd4 21. Bxd4 Bc6 22. Bxc6 1/2-1/2

[Event "RUS-ch m1-2"]
[Site "Elista"]
[Date "1997.05.19"]
[Round "1.1"]
[White "Vyzmanavin, Alexey"]
[Black "Filippov, Valerij"]
[Result "0-1"]
[WhiteElo "2585"]
[BlackElo "2510"]
[PlyCount "108"]
[EventDate "1997.05.19"]
[EventType "k.o."]
[EventRounds "6"]
[EventCountry "RUS"]
[SourceTitle "CBM 059"]
[Source "ChessBase"]
[SourceDate "1997.08.01"]
[SourceVersion "1"]
[SourceVersionDate "1997.08.01"]
[SourceQuality "1"]

1. d4 d5 2. c4 c6 3. e3 Nf6 4. Nc3 e6 5. Nf3 Nbd7 6. Bd2 b6 7. Bd3 Bb7 8. 0-0 Be7 9. cxd5 cxd5 10. Qb1 0-0 11. Ne5 g6 12. f4 Ne8 13. Be1 Ng7 14. Bf2 f6 15. Nf3 Bb4 16. Ne2 Qe7 17. e4 dxe4 18. Bxe4 Bxe4 19. Qxe4 f5 20. Qe3 Ne8 21. Bh4 Ndf6 22. Ne5 Qb7 23. Nd3 Qe7 24. Nxb4 Qxb4 25. Qxe6+ Rf7 26. Qb3 Qxb3 27. axb3 Nd5 28. Nc3 Nec7 29. Rae1 Rd7 30. Re5 Nb4 31. d5 Re8 32. Rfe1 Kf7 33. Rxe8 Nxe8 34. Rd1 Nc7 35. d6 Ne6 36. g3 Nc2 37. Nb5 Nc5 38. b4 Nxb4 39. Nc7 Ne4 40. Nb5 a6 41. Rd4 Nc2 42. Rc4 Ne3 43. Rc7 Ke6 44. Nc3 Kxd6 45. Rxd7+ Kxd7 46. Nxe4 fxe4 47. Bf6 b5 48. Bd4 Nc2 49. Bh8 a5 50. Kf2 a4 51. Ke2 b4 52. Kd2 b3 53. g4 Ke6 54. Kc3 e3 0-1

[Event "RUS-ch Armed Forces"]
[Site "Sevastopol"]
[Date "1997.??.??"]
[Round "6"]
[White "Belikov, Vladimir"]
[Black "Vyzmanavin, Alexey"]
[Result "1/2-1/2"]
[WhiteElo "2500"]
[BlackElo "2585"]
[PlyCount "26"]
[EventDate "1997.??.??"]
[EventType "tourn"]
[EventRounds "10"]
[EventCountry "RUS"]
[EventCategory "11"]
[SourceTitle "EXT 2000"]
[Source "ChessBase"]
[SourceDate "1999.11.16"]
[SourceVersion "1"]
[SourceVersionDate "1999.11.16"]
[SourceQuality "1"]

1. e4 c6 2. d4 d5 3. Nd2 dxe4 4. Nxe4 Nd7 5. Nf3 Ngf6 6. Nxf6+ Nxf6 7. c3 Bg4 8. h3 Bxf3 9. Qxf3 e6 10. Bc4 Be7 11. 0-0 0-0 12. Bg5 Nd5 13. Bxe7 Qxe7 1/2-1/2

[Event "Cappelle op 13th"]
[Site "Cappelle la Grande"]
[Date "1997.??.??"]
[Round "4"]
[White "Cosma, Ioan"]
[Black "Vyzmanavin, Alexey"]
[Result "0-1"]
[WhiteElo "2495"]
[BlackElo "2585"]
[PlyCount "53"]
[EventDate "1997.02.15"]
[EventType "swiss"]
[EventRounds "9"]
[EventCountry "FRA"]
[SourceTitle "CBM 057 Extra"]
[Source "ChessBase"]
[SourceDate "1997.05.01"]
[SourceVersion "1"]
[SourceVersionDate "1997.05.01"]
[SourceQuality "1"]

1. d4 f5 2. g3 Nf6 3. Bg2 d6 4. Nh3 c6 5. 0-0 g6 6. c4 Bg7 7. d5 0-0 8. Nc3 Qe8 9. dxc6 Nxc6 10. Nf4 Qf7 11. Nfd5 Ne8 12. e4 Ne5 13. Qb3 Rb8 14. Bg5 e6 15. exf5 gxf5 16. Ne7+ Kh8 17. Nxc8 Rxc8 18. Nb5 Nxc4 19. Nxa7 Rc5 20. Rac1 d5 21. Nb5 Rc6 22. Rc2 Nf6 23. Qb4 Ne4 24. Rfc1 Rfc8 25. b3 Ne5 26. Bxe4 fxe4 27. Nd6 0-1

[Event "RUS-ch Armed Forces"]
[Site "Sevastopol"]
[Date "1997.??.??"]
[Round "4"]
[White "Kharitonov, Andrei Y"]
[Black "Vyzmanavin, Alexey"]
[Result "1/2-1/2"]
[WhiteElo "2520"]
[BlackElo "2585"]
[PlyCount "29"]
[EventDate "1997.??.??"]
[EventType "tourn"]
[EventRounds "10"]
[EventCountry "RUS"]
[EventCategory "11"]
[SourceTitle "EXT 2000"]
[Source "ChessBase"]
[SourceDate "1999.11.16"]
[SourceVersion "1"]
[SourceVersionDate "1999.11.16"]
[SourceQuality "1"]

1. d4 d5 2. c4 dxc4 3. Nf3 Nf6 4. e3 e6 5. Bxc4 a6 6. a4 c5 7. 0-0 Nc6 8. Qe2 cxd4 9. Rd1 Be7 10. exd4 0-0 11. Nc3 Nd5 12. Qe4 Nf6 13. Qe2 Nd5 14. Qe4 Nf6 15. Qe2 1/2-1/2

[Event "RUS-ch Armed Forces"]
[Site "Sevastopol"]
[Date "1997.??.??"]
[Round "9"]
[White "Legky, Nikolay A"]
[Black "Vyzmanavin, Alexey"]
[Result "1/2-1/2"]
[WhiteElo "2535"]
[BlackElo "2585"]
[PlyCount "39"]
[EventDate "1997.??.??"]
[EventType "tourn"]
[EventRounds "10"]
[EventCountry "RUS"]
[EventCategory "11"]
[SourceTitle "EXT 2000"]
[Source "ChessBase"]
[SourceDate "1999.11.16"]
[SourceVersion "1"]
[SourceVersionDate "1999.11.16"]
[SourceQuality "1"]

1. d4 Nf6 2. c4 e6 3. Nc3 Bb4 4. Qc2 0-0 5. a3 Bxc3+ 6. Qxc3 b6 7. Bg5 h6 8. Bh4 Ba6 9. e3 d6 10. Bd3 Nbd7 11. Ne2 c5 12. b4 cxd4 13. exd4 Rc8 14. Qb3 e5 15. b5 Bb7 16. 0-0 e4 17. Bb1 Re8 18. Ba2 g5 19. Bg3 d5 20. Rac1 1/2-1/2

[Event "RUS-ch Armed Forces"]
[Site "Sevastopol"]
[Date "1997.??.??"]
[Round "2"]
[White "Nikolenko, Oleg"]
[Black "Vyzmanavin, Alexey"]
[Result "1/2-1/2"]
[WhiteElo "2450"]
[BlackElo "2585"]
[PlyCount "25"]
[EventDate "1997.??.??"]
[EventType "tourn"]
[EventRounds "10"]
[EventCountry "RUS"]
[EventCategory "11"]
[SourceTitle "EXT 2000"]
[Source "ChessBase"]
[SourceDate "1999.11.16"]
[SourceVersion "1"]
[SourceVersionDate "1999.11.16"]
[SourceQuality "1"]

1. e4 c6 2. d4 d5 3. Nc3 dxe4 4. Nxe4 Nd7 5. Nf3 Ngf6 6. Nxf6+ Nxf6 7. c3 Bg4 8. h3 Bxf3 9. Qxf3 e6 10. Bf4 Bd6 11. Bxd6 Qxd6 12. Bd3 0-0 13. 0-0 1/2-1/2

[Event "Cappelle op 13th"]
[Site "Cappelle la Grande"]
[Date "1997.??.??"]
[Round "5"]
[White "Vyzmanavin, Alexey"]
[Black "Degraeve, Jean Marc"]
[Result "1/2-1/2"]
[WhiteElo "2585"]
[BlackElo "2515"]
[PlyCount "104"]
[EventDate "1997.02.15"]
[EventType "swiss"]
[EventRounds "9"]
[EventCountry "FRA"]
[SourceTitle "CBM 057 Extra"]
[Source "ChessBase"]
[SourceDate "1997.05.01"]
[SourceVersion "1"]
[SourceVersionDate "1997.05.01"]
[SourceQuality "1"]

1. d4 Nf6 2. c4 g6 3. Nc3 Bg7 4. e4 d6 5. f3 0-0 6. Be3 c5 7. Nge2 Nc6 8. d5 Ne5 9. Ng3 e6 10. Be2 exd5 11. cxd5 a6 12. a4 Bd7 13. h3 b5 14. f4 Nc4 15. Bxc4 bxc4 16. 0-0 Re8 17. Qf3 Qe7 18. e5 dxe5 19. fxe5 Qxe5 20. Bxc5 h5 21. Rad1 h4 22. Nge4 Bf5 23. Nd6 Bf8 24. Qf4 Rad8 25. Nb7 Bxc5+ 26. Nxc5 Nxd5 27. Qxe5 Rxe5 28. Nxa6 Bd3 29. Rfe1 Nxc3 30. bxc3 Ra5 31. Nb4 Rxa4 32. Nxd3 cxd3 33. Re3 d2 34. Re2 Ra3 35. Rdxd2 Rxd2 36. Rxd2 Rxc3 37. Rd1 g5 38. Rd6 Kg7 39. Kf2 Ra3 40. Rb6 Rd3 41. Ra6 Rb3 42. Rc6 f6 43. Rc5 Kg6 44. Ra5 Rb4 45. Rc5 Rf4+ 46. Kg1 f5 47. Rc6+ Kf7 48. Rc7+ Kf6 49. Rc6+ Ke5 50. Rg6 g4 51. hxg4 fxg4 52. g3 h3 1/2-1/2

[Event "RUS-ch Armed Forces"]
[Site "Sevastopol"]
[Date "1997.??.??"]
[Round "8"]
[White "Vyzmanavin, Alexey"]
[Black "Kiselev, Sergey"]
[Result "1/2-1/2"]
[WhiteElo "2585"]
[BlackElo "2485"]
[PlyCount "22"]
[EventDate "1997.??.??"]
[EventType "tourn"]
[EventRounds "10"]
[EventCountry "RUS"]
[EventCategory "11"]
[SourceTitle "EXT 2000"]
[Source "ChessBase"]
[SourceDate "1999.11.16"]
[SourceVersion "1"]
[SourceVersionDate "1999.11.16"]
[SourceQuality "1"]

1. d4 Nf6 2. c4 e6 3. Nf3 b6 4. g3 Ba6 5. b3 Bb4+ 6. Bd2 Be7 7. Bc3 c6 8. Bg2 d5 9. Ne5 Ne4 10. 0-0 Nxc3 11. Nxc3 0-0 1/2-1/2

[Event "EU-Cup 12th Group3"]
[Site "London"]
[Date "1996.11.24"]
[Round "2"]
[White "Vyzmanavin, Alexey"]
[Black "Hodgson, Julian M"]
[Result "1/2-1/2"]
[WhiteElo "2585"]
[BlackElo "2550"]
[PlyCount "48"]
[EventDate "1996.09.06"]
[EventType "team-k.o."]
[EventRounds "3"]
[EventCountry "ENG"]
[SourceTitle "EXT 2020"]
[Source "ChessBase"]
[SourceDate "2019.10.17"]
[SourceVersion "1"]
[SourceVersionDate "2019.10.17"]
[SourceQuality "1"]
[WhiteTeam "Kazan TatTransGaz-Itil"]
[BlackTeam "Breda Panfox"]
[WhiteTeamCountry "RUS"]
[BlackTeamCountry "NED"]

1. d4 d6 2. Nf3 Bg4 3. c4 Nd7 4. Nc3 Bxf3 5. exf3 g6 6. Be2 Bg7 7. 0-0 Nh6 8. Bd3 e6 9. Be3 0-0 10. Qd2 Nf5 11. Bxf5 exf5 12. Bg5 Bf6 13. h4 c6 14. Rfe1 Re8 15. Rxe8+ Qxe8 16. Re1 Qf8 17. Qf4 Re8 18. Rxe8 Qxe8 19. Bxf6 Qe1+ 20. Kh2 Nxf6 21. Qe3 Qf1 22. b3 Kg7 23. d5 cxd5 24. Nxd5 Nxd5 1/2-1/2

[Event "Petrov Memorial op"]
[Site "St Petersburg"]
[Date "1996.??.??"]
[Round "7"]
[White "Timoshenko, Georgy"]
[Black "Vyzmanavin, Alexey"]
[Result "1/2-1/2"]
[WhiteElo "2500"]
[BlackElo "2610"]
[PlyCount "169"]
[EventDate "1996.02.??"]
[EventType "swiss"]
[EventRounds "9"]
[EventCountry "RUS"]
[SourceTitle "CBM 052"]
[Source "ChessBase"]
[SourceDate "1996.06.01"]
[SourceVersion "1"]
[SourceVersionDate "1996.06.01"]
[SourceQuality "1"]

1. d4 f5 2. Nf3 Nf6 3. g3 g6 4. Bg2 Bg7 5. 0-0 0-0 6. b3 d6 7. Bb2 Ng4 8. h3 Nh6 9. Nc3 f4 10. gxf4 Rxf4 11. e4 Nc6 12. Bc1 Rf8 13. Qd3 Nf7 14. Be3 e5 15. d5 Ne7 16. Qd2 h6 17. Ne2 g5 18. Kh2 Ng6 19. Nfg1 Nf4 20. Ng3 Nh8 21. f3 Nhg6 22. Rf2 Nh4 23. Bf1 h5 24. Rc1 b6 25. c4 a5 26. a3 g4 27. fxg4 hxg4 28. b4 axb4 29. axb4 Ra3 30. c5 bxc5 31. bxc5 gxh3 32. Rc3 Rxc3 33. Qxc3 Nhg2 34. Bc1 Bg4 35. cxd6 cxd6 36. Ba3 Rf6 37. Rb2 Rg6 38. Rb7 Qg5 39. Bc1 Nh4 40. Be3 Bf3 41. Bf2 Bg4 42. Qc7 Qf6 43. Rb8+ Kh7 44. Qd8 Nxd5 45. Qg8+ Kh6 46. Be1 Ne3 47. Qd8 Nxf1+ 48. Nxf1 Qf4+ 49. Ng3 Rf6 50. Rb2 Kh7 51. Qe7 Qe3 52. Nh5 Bxh5 53. Bxh4 Qf4+ 54. Bg3 Qg5 55. Qa7 Bg4 56. Rf2 Rg6 57. Qa3 Rf6 58. Rxf6 Qxf6 59. Nxh3 Qh6 60. Bf2 Kg8 61. Qe3 Qh5 62. Kg2 Bh6 63. Qd3 Kh7 64. Qb3 Qg6 65. Qb7+ Bg7 66. Bg3 Qh5 67. Ng1 Qh6 68. Qd5 Be6 69. Qd3 Qg6 70. Kf2 Bg4 71. Qd5 Qf6+ 72. Kg2 Bh6 73. Qb7+ Kg6 74. Qb8 Be3 75. Qg8+ Kh5 76. Qh7+ Bh6 77. Qg8 Bf4 78. Qh7+ Qh6 79. Qxh6+ Kxh6 80. Be1 Be3 81. Nf3 Bc5 82. Bc3 Kh5 83. Nxe5 dxe5 84. Bxe5 Be6 85. Kf3 1/2-1/2

[Event "Petrov Memorial op"]
[Site "St Petersburg"]
[Date "1996.??.??"]
[Round "2"]
[White "Vyzmanavin, Alexey"]
[Black "Petrov, A."]
[Result "1/2-1/2"]
[WhiteElo "2610"]
[BlackElo "2170"]
[PlyCount "86"]
[EventDate "1996.02.??"]
[EventType "swiss"]
[EventRounds "9"]
[EventCountry "RUS"]
[SourceTitle "CBM 052"]
[Source "ChessBase"]
[SourceDate "1996.06.01"]
[SourceVersion "1"]
[SourceVersionDate "1996.06.01"]
[SourceQuality "1"]

1. d4 f5 2. c4 Nf6 3. Nc3 g6 4. g3 Bg7 5. Bg2 0-0 6. Nf3 d6 7. 0-0 Qe8 8. b3 e5 9. dxe5 dxe5 10. e4 c6 11. Ba3 Rf7 12. Re1 f4 13. Bd6 Bg4 14. c5 Nbd7 15. Bf1 fxg3 16. fxg3 Nxe4 17. Nxe4 Bxf3 18. Qc2 Bxe4 19. Rxe4 Nf6 20. Rxe5 Qd7 21. Rae1 Nd5 22. R5e4 Bf8 23. Re6 Bxd6 24. cxd6 Raf8 25. Bc4 Qd8 26. Qe4 Qb6+ 27. Kh1 Qf2 28. Bxd5 cxd5 29. Qxd5 Rf5 30. Qd3 Qxa2 31. d7 Rf2 32. R6e2 Rxe2 33. Qxe2 Qxb3 34. Rd1 Rd8 35. Qe8+ Kg7 36. Qe5+ Kg8 37. Rf1 Qc4 38. Qe8+ Kg7 39. Qe7+ Kh6 40. Rf7 Qd5+ 41. Kg1 Qd4+ 42. Kg2 Qd5+ 43. Kh3 Qh5+ 1/2-1/2

[Event "RUS-chT 03rd"]
[Site "Kazan"]
[Date "1995.??.??"]
[Round "3"]
[White "Aseev, Konstantin N"]
[Black "Vyzmanavin, Alexey"]
[Result "0-1"]
[WhiteElo "2530"]
[BlackElo "2605"]
[PlyCount "74"]
[EventDate "1995.??.??"]
[EventType "team-tourn"]
[EventRounds "9"]
[EventCountry "RUS"]
[SourceTitle "CBM 051"]
[Source "ChessBase"]
[SourceDate "1996.04.01"]
[SourceVersion "1"]
[SourceVersionDate "1996.04.01"]
[SourceQuality "1"]
[WhiteTeam "Sankt Petersburg FINEK"]
[BlackTeam "Kazan Sberbank-Tatarstan"]
[WhiteTeamCountry "RUS"]
[BlackTeamCountry "RUS"]

1. e4 c6 2. d4 d5 3. Nd2 g6 4. Ngf3 Bg7 5. h3 Nh6 6. Bd3 0-0 7. 0-0 dxe4 8. Nxe4 Nf5 9. c3 Qc7 10. Re1 Nd7 11. Qe2 Nf6 12. Nxf6+ exf6 13. Bd2 Be6 14. Bc4 Rfe8 15. Qd3 Qd7 16. Bf4 Bf8 17. Nd2 Bd5 18. Bb3 b5 19. Bxd5 cxd5 20. Nf1 Re6 21. Re2 b4 22. Ne3 bxc3 23. bxc3 Rc8 24. Nxf5 Rxe2 25. Qxe2 Qxf5 26. Qd2 h5 27. Bg3 a5 28. a4 Qd7 29. Qb2 Qc6 30. f3 Bh6 31. Rb1 Qxa4 32. Ra1 Qc4 33. Rxa5 Qd3 34. Rc5 Re8 35. Rxd5 Be3+ 36. Bf2 Qd1+ 37. Kh2 Bf4+ 0-1

[Event "Novgorod op"]
[Site "Novgorod"]
[Date "1995.??.??"]
[Round "9"]
[White "Bologan, Viktor"]
[Black "Vyzmanavin, Alexey"]
[Result "1/2-1/2"]
[WhiteElo "2540"]
[BlackElo "2605"]
[PlyCount "25"]
[EventDate "1995.05.??"]
[EventType "swiss"]
[EventRounds "9"]
[EventCountry "RUS"]
[SourceTitle "EXT 2000"]
[Source "ChessBase"]
[SourceDate "1999.11.16"]
[SourceVersion "1"]
[SourceVersionDate "1999.11.16"]
[SourceQuality "1"]

1. e4 c6 2. d4 d5 3. Nc3 dxe4 4. Nxe4 Nd7 5. Nf3 Ngf6 6. Nxf6+ Nxf6 7. Bc4 Bf5 8. 0-0 e6 9. Qe2 Bg4 10. c3 Be7 11. h3 Bxf3 12. Qxf3 0-0 13. Bg5 1/2-1/2

[Event "Novgorod op"]
[Site "Novgorod"]
[Date "1995.??.??"]
[Round "3"]
[White "Burmakin, Vladimir"]
[Black "Vyzmanavin, Alexey"]
[Result "0-1"]
[WhiteElo "2555"]
[BlackElo "2605"]
[PlyCount "82"]
[EventDate "1995.05.??"]
[EventType "swiss"]
[EventRounds "9"]
[EventCountry "RUS"]
[SourceTitle "EXT 2000"]
[Source "ChessBase"]
[SourceDate "1999.11.16"]
[SourceVersion "1"]
[SourceVersionDate "1999.11.16"]
[SourceQuality "1"]

1. d4 Nf6 2. Nf3 e6 3. g3 b5 4. Qd3 a6 5. e4 c5 6. Bg2 Bb7 7. Nbd2 cxd4 8. Nxd4 d6 9. 0-0 Nbd7 10. Qe2 Qb6 11. c3 Nc5 12. b3 Be7 13. a4 0-0 14. axb5 axb5 15. Bb2 d5 16. exd5 Nxd5 17. Qxb5 Qd8 18. Rxa8 Bxa8 19. Ra1 Nc7 20. Qc4 Bd5 21. Bxd5 exd5 22. Qf1 N7e6 23. Nc6 Qd6 24. Nxe7+ Qxe7 25. c4 Qg5 26. Ra3 Rd8 27. Nf3 Qh5 28. Ne5 d4 29. Nc6 Rd7 30. b4 Ne4 31. Rd3 N4g5 32. f4 Nh3+ 33. Kh1 Qf5 34. Ne5 Rd8 35. Rd2 Qe4+ 36. Qf3 Qe1+ 37. Kg2 Qxd2+ 38. Kxh3 Qxb2 39. Qb7 Rf8 40. b5 Qe2 41. Qd5 Rd8 0-1

[Event "Novosibirsk"]
[Site "Novosibirsk"]
[Date "1995.??.??"]
[Round "10"]
[White "Dreev, Alexey"]
[Black "Vyzmanavin, Alexey"]
[Result "1/2-1/2"]
[WhiteElo "2670"]
[BlackElo "2605"]
[PlyCount "37"]
[EventDate "1995.10.??"]
[EventType "tourn"]
[EventRounds "11"]
[EventCountry "RUS"]
[EventCategory "15"]
[SourceTitle "CBM 050"]
[Source "ChessBase"]
[SourceDate "1996.02.01"]
[SourceVersion "1"]
[SourceVersionDate "1996.02.01"]
[SourceQuality "1"]

1. d4 Nf6 2. c4 e6 3. Nf3 b6 4. g3 Bb7 5. Nc3 d5 6. Qc2 Be7 7. cxd5 Nxd5 8. Bd2 0-0 9. e4 Nxc3 10. Bxc3 c5 11. dxc5 bxc5 12. Rd1 Qb6 13. Ne5 Qc7 14. Bd3 Bf6 15. Nc4 Bxc3+ 16. Qxc3 Nc6 17. 0-0 Nd4 18. Rfe1 Rfd8 19. Na5 1/2-1/2

[Event "Novgorod op"]
[Site "Novgorod"]
[Date "1995.??.??"]
[Round "6"]
[White "Vyzmanavin, Alexey"]
[Black "Gavrilov, Alexei"]
[Result "1-0"]
[WhiteElo "2605"]
[BlackElo "2390"]
[PlyCount "71"]
[EventDate "1995.05.??"]
[EventType "swiss"]
[EventRounds "9"]
[EventCountry "RUS"]
[SourceTitle "EXT 2000"]
[Source "ChessBase"]
[SourceDate "1999.11.16"]
[SourceVersion "1"]
[SourceVersionDate "1999.11.16"]
[SourceQuality "1"]

1. d4 d5 2. c4 e6 3. Nc3 Be7 4. Nf3 Nf6 5. Bg5 0-0 6. e3 h6 7. Bh4 b6 8. Bd3 Bb7 9. 0-0 Nbd7 10. Qe2 Ne4 11. Bg3 c5 12. cxd5 exd5 13. Rad1 Ndf6 14. dxc5 Nxc3 15. bxc3 Bxc5 16. Nd4 Qc8 17. f3 Re8 18. Bh4 Nd7 19. f4 Bf8 20. Bf5 Qc7 21. Nb5 Qc6 22. c4 Nf6 23. Nd4 Qd6 24. Bd3 dxc4 25. Bxc4 Nd5 26. Nf5 Qc5 27. Nxh6+ gxh6 28. Qg4+ Kh8 29. Rxd5 Bxd5 30. Bf6+ Kh7 31. Qf5+ Kg8 32. Bxd5 Re6 33. Bd4 Qc8 34. Qg4+ Kh7 35. f5 Rd6 36. Bxf7 1-0

[Event "Novosibirsk"]
[Site "Novosibirsk"]
[Date "1995.??.??"]
[Round "3"]
[White "Vyzmanavin, Alexey"]
[Black "Khalifman, Alexander"]
[Result "1/2-1/2"]
[WhiteElo "2605"]
[BlackElo "2655"]
[PlyCount "71"]
[EventDate "1995.10.??"]
[EventType "tourn"]
[EventRounds "11"]
[EventCountry "RUS"]
[EventCategory "15"]
[SourceTitle "CBM 050"]
[Source "ChessBase"]
[SourceDate "1996.02.01"]
[SourceVersion "1"]
[SourceVersionDate "1996.02.01"]
[SourceQuality "1"]

1. d4 Nf6 2. c4 c5 3. d5 b5 4. cxb5 a6 5. b6 e6 6. Nc3 Nxd5 7. Nxd5 exd5 8. Qxd5 Nc6 9. Nf3 Rb8 10. e4 Be7 11. Bc4 0-0 12. 0-0 Rxb6 13. Qh5 d6 14. Rd1 Be6 15. Bxe6 fxe6 16. Qg4 Qc8 17. Bd2 e5 18. Qxc8 Rxc8 19. Bc3 Nd4 20. Nd2 c4 21. Rab1 Kf7 22. g3 Ne2+ 23. Kf1 Nxc3 24. bxc3 Bd8 25. Ke2 Ke6 26. Nf1 Rcb8 27. Rxb6 Rxb6 28. Ne3 Rb2+ 29. Rd2 Rxd2+ 30. Kxd2 Bg5 31. h4 Bxe3+ 32. Kxe3 h5 33. f4 g6 34. Kf3 a5 35. a4 Kf7 36. Ke3 1/2-1/2

[Event "RUS-ch"]
[Site "Elista"]
[Date "1995.??.??"]
[Round "2"]
[White "Vyzmanavin, Alexey"]
[Black "Smagin, Sergey"]
[Result "1-0"]
[WhiteElo "2605"]
[BlackElo "2545"]
[PlyCount "143"]
[EventDate "1995.10.??"]
[EventType "swiss"]
[EventRounds "11"]
[EventCountry "RUS"]
[SourceTitle "CBM 050"]
[Source "ChessBase"]
[SourceDate "1996.02.01"]
[SourceVersion "1"]
[SourceVersionDate "1996.02.01"]
[SourceQuality "1"]

1. d4 Nf6 2. c4 e6 3. Nc3 d5 4. Bg5 Nbd7 5. e3 c6 6. cxd5 exd5 7. Bd3 Be7 8. Qc2 h6 9. Bh4 Nh5 10. Bxe7 Qxe7 11. Nge2 Nb6 12. 0-0 0-0 13. Rae1 Re8 14. Nc1 Nf6 15. Nb3 Be6 16. Nc5 Qc7 17. b4 Nbd7 18. Nb3 Nb6 19. f3 Rad8 20. Qf2 Nc4 21. Nc5 Bc8 22. e4 b6 23. Nb3 Qe7 24. e5 Nh7 25. b5 cxb5 26. Nxb5 Nf8 27. Nc3 Qb4 28. Rc1 Bb7 29. f4 Rc8 30. Nb1 Rc7 31. f5 Rec8 32. Rce1 f6 33. exf6 gxf6 34. Qh4 Re7 35. Rxe7 Qxe7 36. Qxh6 Re8 37. h3 Qe3+ 38. Qxe3 Rxe3 39. Nc1 Nb2 40. Bb5 a6 41. Be2 Re4 42. Nc3 Rxd4 43. Nb3 Rb4 44. Bf3 d4 45. Nd5 Bxd5 46. Bxd5+ Kg7 47. Rf4 Nd3 48. Rxd4 Rxd4 49. Nxd4 Kh6 50. g3 Nd7 51. Kg2 N7e5 52. Kf1 Nb4 53. Be6 Nbd3 54. Ke2 b5 55. Nb3 Nb4 56. Nc5 Kg7 57. Kd2 a5 58. Nb7 Nbc6 59. Nd6 Nd4 60. Ke3 Nec6 61. Ne8+ Kf8 62. Nxf6 Ke7 63. Nd5+ Kd6 64. Nf4 b4 65. Ne2 Nxe2 66. Kxe2 a4 67. Kd3 Ke5 68. Bd7 b3 69. a3 Nd4 70. Bxa4 b2 71. Bc2 Nxf5 72. g4 1-0

[Event "RUS-chT 03rd"]
[Site "Kazan"]
[Date "1995.??.??"]
[Round "4"]
[White "Vyzmanavin, Alexey"]
[Black "Stripunsky, Alexander"]
[Result "1-0"]
[WhiteElo "2605"]
[BlackElo "2495"]
[PlyCount "93"]
[EventDate "1995.??.??"]
[EventType "team-tourn"]
[EventRounds "9"]
[EventCountry "RUS"]
[SourceTitle "CBM 051"]
[Source "ChessBase"]
[SourceDate "1996.04.01"]
[SourceVersion "1"]
[SourceVersionDate "1996.04.01"]
[SourceQuality "1"]
[WhiteTeam "Kazan Sberbank-Tatarstan"]
[BlackTeam "Surgut Fakel Surgutgazprom"]
[WhiteTeamCountry "RUS"]
[BlackTeamCountry "RUS"]

1. d4 d5 2. c4 c6 3. e3 e6 4. Nf3 Bd6 5. Bd3 f5 6. 0-0 Nf6 7. b3 0-0 8. Bb2 Ne4 9. Ne5 Nd7 10. f3 Ng5 11. Qe2 Nf7 12. f4 Nf6 13. Nd2 Bd7 14. c5 Bc7 15. b4 Be8 16. Qe1 Ne4 17. Nxe4 fxe4 18. Be2 b6 19. a4 Nxe5 20. dxe5 bxc5 21. bxc5 Rb8 22. Bd4 Bg6 23. Qg3 Qe8 24. Qh3 Qf7 25. g4 Rb3 26. Rab1 Rxb1 27. Rxb1 Ba5 28. Ba6 h5 29. Rb7 Qe8 30. Rxa7 Qb8 31. Rb7 Qa8 32. gxh5 Bf7 33. Rxf7 Kxf7 34. Bf1 Rh8 35. f5 Qc8 36. Qg3 Rh6 37. fxe6+ Kg8 38. Bh3 Qe8 39. Bg4 Qe7 40. Qf4 Bb4 41. Kg2 Ba5 42. Kf1 Bb4 43. Ke2 Qa7 44. Qg5 Qxa4 45. e7 Qa8 46. e6 Rh7 47. Qg6 1-0

[Event "Novosibirsk"]
[Site "Novosibirsk"]
[Date "1995.??.??"]
[Round "9"]
[White "Vyzmanavin, Alexey"]
[Black "Svidler, Peter"]
[Result "0-1"]
[WhiteElo "2605"]
[BlackElo "2635"]
[PlyCount "82"]
[EventDate "1995.10.??"]
[EventType "tourn"]
[EventRounds "11"]
[EventCountry "RUS"]
[EventCategory "15"]
[SourceTitle "CBM 050"]
[Source "ChessBase"]
[SourceDate "1996.02.01"]
[SourceVersion "1"]
[SourceVersionDate "1996.02.01"]
[SourceQuality "1"]

1. d4 Nf6 2. c4 g6 3. Nc3 d5 4. cxd5 Nxd5 5. e4 Nxc3 6. bxc3 Bg7 7. Be3 c5 8. Qd2 cxd4 9. cxd4 Nc6 10. Bb5 0-0 11. Ne2 Qa5 12. Qxa5 Nxa5 13. Rc1 a6 14. Bd3 Nc6 15. Bb1 Bd7 16. d5 Ne5 17. f4 Ng4 18. Bc5 Rfe8 19. e5 e6 20. d6 f6 21. Be4 fxe5 22. Bxb7 Rab8 23. Bf3 Nh6 24. 0-0 Nf7 25. Rfd1 exf4 26. Nxf4 Rec8 27. Bg4 Bb2 28. Rc2 Ba4 29. d7 Bxc2 30. dxc8Q+ Rxc8 31. Bxe6 Rxc5 32. Rd7 Rf5 33. Bxf5 Bxf5 34. Rb7 Bd4+ 35. Kf1 g5 36. Nd5 Be6 37. Nb4 Ne5 38. a4 Bc5 39. Nc2 Bc4+ 40. Ke1 Bd5 41. Rc7 Bxg2 0-1